banner-ar

احلى طرائف ونوادر اللغويين والنجاة والمعلمين والالغاز / (Record no. 56088)

MARC details
000 -الفاتح
حقل البيانات ثابتة الطول 00682nam a2200193Ia 4500
008 - عناصر البيانات ثابتة الطول - معلومات عامة
حقل البيانات ثابتة الطول 140319s9999 xx 000 0 ara d
040 ## - مصدر الفهرسة
وكالة الفهرسة الأصلية GCL /
وكالة النسخ GCL
082 04 - رقم تصنيف ديوى العشرى
رقم التصنيف 817.008
رقم المادة ه ا
100 1# - المدخل الرئيسى - إسم شخصى
الإسم الشخصى هيكل نعمة الله
245 10 - بيان العنوان
العنوان احلى طرائف ونوادر اللغويين والنجاة والمعلمين والالغاز /
بيان المسئوليه,etc هيكل نعمة الله
250 ## - بيان الطبعة
بيان الطبعة الاولى
260 ## - PUBLICATION, DISTRIBUTION, ETC. (IMPRINT)
تاريخ النشر أو التوزيع 1993
300 ## - الوصف المادى
التعداد 152 ص ؛
أبعاد الوعاء 24 سم
490 ## - بيان السلسلة
عنوان السلسلة سلسلة احلى الطرائف والنوادر
رقم المجلد/ التعيين التسلسلي 0
650 04 - المدخل الاضافى بالموضوع-مصطلح موضوعى
مصطلح موضوعي الادب العربى
650 04 - المدخل الاضافى بالموضوع-مصطلح موضوعى
مصطلح موضوعي الاهاجى والفكاهات
942 ## - عناصر المدخل الإضافي( كوها)
مصدر التصنيف او مخطط الترفيف Dewey Decimal Classification
Koha [default] item type كتاب
260 ## - PUBLICATION, DISTRIBUTION, ETC. (IMPRINT)
-- بيروت :
-- جروس برس ،
Holdings
حالة التراجع حالة الفقد حالة تلف ليس للاعارة المكان المؤقت الموقع الحالى تاريخ الاكتساب اجمالي اﻻعارات رقم الطلب الباركود تاريخ اخر مشاهدة تاريخ تفعيل السعر نوع وعاء كوها
        مكتبة القاهرة الكبرى مكتبة القاهرة الكبرى 03/26/2014   817.008\ه ا 134514 03/26/2014 03/26/2014 كتاب
        مكتبة القاهرة الكبرى مكتبة القاهرة الكبرى 03/26/2014   817.008\ه ا 134515 03/26/2014 03/26/2014 كتاب
        مكتبة القاهرة الكبرى مكتبة القاهرة الكبرى 03/26/2014   817.008\ه ا 134516 03/26/2014 03/26/2014 كتاب
        مكتبة القاهرة الكبرى مكتبة القاهرة الكبرى 03/26/2014   817.008\ه ا 134517 03/26/2014 03/26/2014 كتاب

Powered By

EGPV